Guess The Liverpool Player Based Off All Time PL G/A - Statistics

General Stats
  • This quiz has been taken 12 times
  • The average score is 4 of 10
Answer Stats
Question Answer % Correct
This Player Has 234 PL G/A (161 Goals) + (73 Assists) Mohammed Salah
100%
This Player Has 74 PL G/A (15 Goals) + (59 Assists) Alexander Arnold
67%
This Player Has 32 PL G/A (21 Goals) + (11 Assists) Darwin Nunez
67%
This Player Has 78 PL G/A (59 Goals) + (19 Assists) Diogo Jota
67%
This Player Has 31 PL G/A (21 Goals) + (10 Assists) Alexis Mac Allister
33%
This Player Has 4 PL G/A (1 Goal) + (3 Assists) Alisson Becker
33%
This Player Has 70 PL G/A (11 Goals) + (59 Assists) Andrew Robertson
33%
This Player Has 12 PL G/A (7 Goals) + (5 Assists) Curtis Jones
33%
This Player Has 23 PL G/A (15 Goals) + (8 Assists) Cody Gakpo
0%
This Player Has 29 PL G/A (22 Goals) + (7 Assists) Virgil van Dijk
0%
No matching quizzes found
Score Distribution
Percent of People with Each Score
Percentile by Number Answered
Your Score History
You have not taken this quiz